000
00226 a2200097 4500
001
47841
100
_a
Gibbuns S R
245
_a
The League of Nations of UNO
260
_a
London
_b
Longman Group Ltd
_c
090
_c
30839
_d
30839
942
_a
NUST-CAE
_c
M
_c
23157
999
_c
282914
_d
282914